000 00325nam a2200133Ia 4500
005 20260328104312.0
008 260328s9999||||xx |||||||||||||| ||und||
100 _aAngehr, George R
245 2 _aA Bird-Finding Guide to Panamá /
_cGeorge R Angehr
260 _bAudubon
300 _a391 p.
650 _aAVES
942 _cBK
999 _c10988
_d10988